DERECHO ROMANO II (Registro nro. 55524)
[ vista simple ]
| 000 -LEADER | |
|---|---|
| fixed length control field | 00741nam a2200205 a 4500 |
| 001 - CONTROL NUMBER | |
| control field | 55524 |
| 005 - DATE AND TIME OF LATEST TRANSACTION | |
| control field | 20180714050852.0 |
| 008 - FIXED-LENGTH DATA ELEMENTS--GENERAL INFORMATION | |
| fixed length control field | 140415s2006 mx 000 0 spa d |
| 020 ## - INTERNATIONAL STANDARD BOOK NUMBER | |
| International Standard Book Number | 968540903X |
| 041 ## - LANGUAGE CODE | |
| Language code of text/sound track or separate title | spa |
| 082 ## - DEWEY DECIMAL CLASSIFICATION NUMBER | |
| Classification number | 340.54 |
| Item number | MUR |
| 100 1# - MAIN ENTRY--PERSONAL NAME | |
| Personal name | MURGUIA SERANO, ALMA LORENA |
| 245 10 - TITLE STATEMENT | |
| Title | DERECHO ROMANO II |
| 250 ## - EDITION STATEMENT | |
| Edition statement | 1a ed. |
| 260 ## - PUBLICATION, DISTRIBUTION, ETC. | |
| Place of publication, distribution, etc. | MEXICO : |
| Name of publisher, distributor, etc. | IURE EDITORES, |
| Date of publication, distribution, etc. | 2006 |
| 300 ## - PHYSICAL DESCRIPTION | |
| Extent | 292 |
| Dimensions | 16.9 x 1 x 23.1 |
| 490 ## - SERIES STATEMENT | |
| Series statement | TEXTOS JURIDICOS UNIVERSITARIOS |
| 520 ## - SUMMARY, ETC. | |
| Summary, etc. | ESTE TECTO PROPORCIONA LOS MEDIOS ELEMENTALES PARA ENTENDER LAS RAICES JURIDICAS CUYO MANEJO ES IMPRESCINDIBLE PARA EL QUEHACER COTIDIANO DE LOS ABOGADOS, COMO LAS OBLIGACIONES, LOS CONTARTOS Y LAS SUCESIONES. |
| 650 14 - SUBJECT ADDED ENTRY--TOPICAL TERM | |
| Topical term or geographic name entry element | DERECHO ROMANO |
| Withdrawn status | Lost status | Source of classification or shelving scheme | Damaged status | Not for loan | Collection code | Home library | Current library | Shelving location | Date acquired | Source of acquisition | Inventory number | Total Checkouts | Full call number | Barcode | Date last seen | Date last checked out | Price effective from | Koha item type |
|---|---|---|---|---|---|---|---|---|---|---|---|---|---|---|---|---|---|---|
| Dewey Decimal Classification | General | Biblioteca Karol Wojtyla | Biblioteca Karol Wojtyla | Sala general | 03/12/2013 | Compra | 151000000000000000050628 | 340.54 MUR | 83311 | 05/01/2026 | 17/12/2015 | 03/12/2013 | Libro |